<?xml version="1.0" encoding="UTF-8"?>
<marc:record xmlns:marc="http://www.loc.gov/MARC21/slim">
   <marc:leader>00000nam a2200000 a 4500</marc:leader>
   <marc:datafield ind1="1" ind2=" " tag="100">
      <marc:subfield code="a">Mayer, Gina</marc:subfield>
      <marc:subfield code="4">aut</marc:subfield>
      <marc:subfield code="e">Verfasser/-in</marc:subfield>
   </marc:datafield>
   <marc:datafield ind1=" " ind2=" " tag="653">
      <marc:subfield code="a">Antolin</marc:subfield>
   </marc:datafield>
   <marc:datafield ind1=" " ind2=" " tag="653">
      <marc:subfield code="a">Klasse-4</marc:subfield>
   </marc:datafield>
   <marc:datafield ind1="0" ind2="0" tag="245">
      <marc:subfield code="a">Eine unheimliche Klassenfahrt</marc:subfield>
   </marc:datafield>
   <marc:datafield ind1=" " ind2="1" tag="264">
      <marc:subfield code="b">Ravensburger Verlag GmbH</marc:subfield>
      <marc:subfield code="c">2020</marc:subfield>
   </marc:datafield>
   <marc:datafield ind1="1" ind2=" " tag="490">
      <marc:subfield code="a">Der magische Blumenladen</marc:subfield>
   </marc:datafield>
   <marc:datafield ind1="1" ind2=" " tag="520">
      <marc:subfield code="a">Zauberhaftes Kinderbuch ab 8 Jahren
Lerne mit Violet die geheime Blumenmagie
Bestseller-Reihe des Erfolgsduos Gina Mayer und Joël Tourlonias

Hinter jeder Blume steckt ein Zauber .
Gespenster gibt es nicht, da ist sich Violet sicher! Aber wer treibt dann sein Unwesen in dem alten Schloss, in dem sie mit ihrer Klasse übernachtet? Tagsüber bei der Schnitzeljagd und beim Schwimmen ist alles friedlich, doch nachts geistert jemand herum. Und lässt ausgerechnet im Zimmer der Blumenmagierin etwas liegen: ein geheimnisvolles Buch .</marc:subfield>
   </marc:datafield>
   <marc:datafield ind1=" " ind2=" " tag="020">
      <marc:subfield code="a">9783473404223</marc:subfield>
      <marc:subfield code="9">9783473404223</marc:subfield>
   </marc:datafield>
</marc:record>
